i'd rather sleep-Kero Kero Bonito lyrics - Statistics

General Stats
  • This quiz has been taken 29 times
  • The average score is 69 of 87
Answer Stats
Answer % Correct
I
100%
I
100%
I
100%
I
100%
a
96%
a
96%
I'd
96%
rather
96%
(Rather
96%
(Rather
96%
sleep
96%
sleep
96%
sleep
96%
to
96%
to
96%
to
96%
to
96%
awake
91%
awake)
91%
awake)
91%
is
91%
so
91%
stay
91%
stay
91%
stay
91%
than
91%
than
91%
than
91%
the
91%
and
87%
And
87%
days
87%
feel
87%
feel
87%
Now
87%
(Now
87%
(Now
87%
real
87%
real
87%
real
87%
these
87%
fake
83%
fake)
83%
fake)
83%
know
83%
know
83%
know
83%
me
83%
what
83%
be
78%
be
78%
funny
78%
talk
78%
whats
78%
whats
78%
whats
78%
whats
78%
whats
78%
again
74%
again)
74%
kid
74%
kid
74%
try
74%
just
70%
(Just
70%
This
70%
used
70%
like
65%
once
65%
place
65%
trees
65%
we
65%
anything
61%
doesn't
61%
right
61%
from
57%
space
57%
Are
52%
(La
48%
la
48%
la
48%
la
48%
la
48%
la
48%
la)
48%
outer
48%
we'll
48%
No matching quizzes found
Score Distribution
Percent of People with Each Score
Percentile by Number Answered
Your Score History
You have not taken this quiz